Vegetables Close-Up Quiz Stats

Quiz Updated Jul 28, 2016

Also try: Fruit Close Up
Challenge
Share
Tweet
Score 0/20 Timer 04:00
0 Plays Today
% Correct
Onion
98.5%
Carrot
97.4%
Broccoli
96.4%
Asparagus
93.3%
Cauliflower
93.1%
Celery
90.8%
Radish
89.8%
Yam
89.3%
Beets
87%
Brussels sprouts
86.6%
% Correct
Garlic
86.2%
Leek
84.6%
Spinach
82.6%
Artichoke
78.4%
Turnip
68.8%
Kale
67.9%
Rhubarb
65.7%
Parsnip
55.3%
Fennel
35.7%
Radicchio
22.7%

You're not logged in!

Compare scores with friends on all Sporcle quizzes.
Sign Up with Email
OR
Log In

You Might Also Like...

Show Comments

Extras

Top Quizzes Today


Score Distribution

Your Account Isn't Verified!

In order to create a playlist on Sporcle, you need to verify the email address you used during registration. Go to your Sporcle Settings to finish the process.